000 00789na a2200253 4500
001 22068
003 MIRAKIL
005 20181213154846.0
008 170210b tu 000 0
040 _aMilas
_btur
_cTR-AnCHP
041 _atur
082 _a818.42
_bK37k 2009
090 _a818.42 K37k 2009
100 _aKeskinok, Kayıhan
245 _aKuvayı Milliye destanı II
_cKayıhan Keskinok; yayıma hazırlayan Ayla Demirel; fotoğraflar İbrahim Demirel
260 _a[y.y.]
_bSanatyapım Yayıncılık
_c2009
300 _a[34] s.
_bres.
_c22x22 sm.
650 _aKurtuluş Savaşı, 1918-1923
_xKuvayi Milliye
650 _aKuvayı Milliye
_xDestanlar
650 _aKuvayi Milliye
_xResim
700 _aDemirel, İbrahim
700 _aDemirel, Ayla
942 _2ddc
_cBKS
999 _c2133
_d2133